| 000 | 00000cas 2200000zi 4500 |
| 001 | 9.933782 |
| 003 | CaOODSP |
| 005 | 20251219130138 |
| 006 | m o d f |
| 007 | cr ||||||||||| |
| 008 | 240212c20239999oncar p o||||f0 b0fre| |
| 040 | |aCaOODSP|bfre |
| 043 | |an-cn--- |
| 086 | 1 |aR101-9F-PDF |
| 110 | 2 |aSavoir polaire Canada.|eauteur,|eorganisme de publication. |
| 245 | 10|aDéclaration de responsabilité de la direction, y compris le contrôle interne des rapports financiers. |
| 246 | 33|aÉtats financiers ... |
| 264 | 1|aOttawa : |bSavoir polaire Canada,|c[2023]- |
| 310 | |aAnnuel |
| 336 | |atexte|btxt|2rdacontent/fre |
| 337 | |ainformatique|bc|2rdamedia/fre |
| 338 | |aressource en ligne|bcr|2rdacarrier/fre |
| 362 | 1 |aParaît depuis : 2022/2023. |
| 500 | |aPublié aussi en anglais sous le titre : Statement of management responsibilty including internal control over financial reporting. |
| 588 | |aDescription d'après : 2022/2023. |
| 588 | |aDernière livraison consultée : 2022/2023. |
| 610 | 26|aSavoir polaire Canada|vPériodiques. |
| 650 | 6|aFinances publiques|zCanada|vPériodiques. |
| 655 | 7|aPériodiques|2rvmgf |
| 775 | 08|tStatement of management responsibility including internal control over financial reporting.|w(CaOODSP)9.933783 |